Hamlet / (Registro nro. 37787)

Detalles MARC
000 -CABECERA
Longitud fija campo de control 00564nam a2200181 4500
003 - • IDENTIFICADOR DELl NÚMERO DE CONTROL
Identificador del número de control CO-ViMGA
020 ## - • NÚMERO INTERNACIONAL NORMALIZADO PARA LIBROS
Número Internacional Normalizado para Libros (ISBN) 978-958-8826-14-1
040 ## - FUENTE DE LA CATALOGACIÓN
Centro catalogador de origen CO-ViMGA
Lengua de catalogación spa
Centro transcriptor CO-ViMGA
082 04 - • NÚMERO DE LA CLASIFICACIÓN DECIMAL DEWEY
Número de clasificación (R) 822.33
Número del ítem S31h
100 1# - • PUNTO DE ACCESO PRINCIPAL-NOMBRE DE PERSONA
Nombre de persona Shakespeare, William,
Fechas asociadas al nombre 1564-1616
245 10 - • TITULO PROPIAMENTE DICHO
Título Hamlet /
Mención de responsabilidad, etc. William Shakespeare
300 ## - • DESCRIPCIÓN FÍSICA
Extensión 95 p. : il. ;
Otras características físicas 22 cm
490 ## - • MENCIÓN DE SERIE
Mención de serie Colección obra literarias universales ;
Designación de volumen o secuencia 14
500 ## - • NOTA GENERAL
Nota general Contiene datos biográficos del autor
650 14 - • PUNTO DE ACCESO ADICIONAL DE MATERIA - TÉRMINO DE MATERIA
Término de materia o nombre geográfico como elemento inicial Teatro inglés
Subdivisión cronológica Siglo XVII
942 ## - ENTRADA DE ELEMENTOS AGREGADOS (KOHA)
Fuente de clasificaión o esquema Dewey Decimal Classification
Koha [por defecto] tipo de item LIbro

No hay ítems disponibles.










Instituto Departamental de Cultura del Meta - Red Departamental de Bibliotecas Públicas del Meta.